Designing Of Sub Market Yard Uruli Devachi Pune. (Record no. 361834)

MARC details
000 -LEADER
fixed length control field 00262nam a2200097Ia 4500
008 - FIXED-LENGTH DATA ELEMENTS--GENERAL INFORMATION
fixed length control field 241105s9999 xx 000 0 und d
041 ## - LANGUAGE CODE
Language code of text/sound track or separate title eng
100 ## - MAIN ENTRY--PERSONAL NAME
Personal name Kulkarni Priyanka
245 ## - TITLE STATEMENT
Title Designing Of Sub Market Yard Uruli Devachi Pune.
260 ## - PUBLICATION, DISTRIBUTION, ETC. (IMPRINT)
Name of publisher, distributor, etc. BNCA, Pune
Date of publication, distribution, etc. 2019

No items available.